[Event "2015 NA Class C-Rd1 Sect 1, S50091"]
[Site "CCLA"]
[Date "2015.04.27"]
[Round "?"]
[White "Simonson, Jay"]
[Black "Nurmi, Ronald"]
[Result "1/2-1/2"]
[WhiteElo "1359"]
[BlackElo "1458"]

1. Nf3 d5 2. g3 g6 3. Bg2 Bg7 4. d3 e5 5. O-O c6 6. Nbd2 Ne7 7. e4 O-O 8. 
Re1 d4 9. a4 c5 10. Bf1 Bg4 11. h3 Bxf3 12. Qxf3 Nd7 13. Nc4 b6 14. Nd6 
Nf6 15. Nb7 Qc7 16. Nxc5 Qxc5 17. Bg5 Qd6 18. b3 Nc6 19. Rec1 Rac8 20. c3 
Nd7 21. cxd4 Nxd4 22. Qd1 Qb4 23. Rc4 Rxc4 24. dxc4 Qxb3 25. Qxb3 Nxb3 26.
 Rd1 Ndc5 27. Rb1 Nd2 28. Bxd2 Nxe4 29. Bb4 Rc8 30. Bd3 Nc5 31. Bxc5 Rxc5 
32. g4 e4 33. Be2 f5 34. Rd1 Rc7 35. Rd8+ Kf7 36. Rd5 Ke6 37. Kg2 Rd7 38. 
Rxd7 Kxd7 39. Kg3 Be5+ 40. Kh4 Bf6+ 41. Kg3 Kc6 42. Kf4 h6 43. gxf5 gxf5 
44. Kxf5 Bg5 45. Kxe4 Kc5 46. f4 Bh4 47. Kd3 Bf6 48. Ke3 Kb4 49. Bd3 Kxa4 
50. Ke4 Kb3 51. Be2 a5 52. Kd5 a4 53. Bd1+ Kb4 54. Bxa4 Kxa4 55. c5 bxc5 
56. Kxc5 h5 57. Kd5 h4 58. Ke6 Bd8 59. f5 Kb5 60. f6 Bxf6 61. Kxf6 Kc6 62.
 Kg5 Kd6 63. Kxh4 Ke6 64. Kg5 Kf7 65. h4 Kg7 66. h5 1/2-1/2

[Event "2015 Server Team Ch - Div 1, S51999"]
[Site "CCLA"]
[Date "2015.10.30"]
[Round "?"]
[White "O'Connell, Chris"]
[Black "Reinhart, Kenneth M."]
[Result "1/2-1/2"]
[WhiteElo "2399"]
[BlackElo "2466"]
[Board "1"]
[WhiteTeam "Pennsylvania Keystones"]
[BlackTeam "Gustafson Winners"]

1. Nf3 d5 2. g3 c6 3. Bg2 Bg4 4. O-O Nd7 5. d3 e6 6. Nbd2 Bd6 7. e4 Ne7 8.
 h3 Bh5 9. d4 O-O 10. Re1 a5 11. c3 a4 12. Qc2 f6 13. Nf1 b5 14. exd5 exd5
15. Nh4 Nb6 16. Ne3 f5 17. f4 Kh8 18. Bf3 g5 19. Bxh5 gxh4 20. g4 fxg4 21.
 Bxg4 Bxf4 22. Ng2 Bxc1 23. Raxc1 Ng6 24. Rf1 Nc4 25. Rxf8+ Qxf8 26. Rf1 
Qe7 27. Qc1 Nd6 28. a3 Ne4 29. Qh6 Ng3 30. Rf3 Re8 31. Re3 Ne4 32. Bf5 Rg8
33. Rf3 Ng5 34. Re3 Qd8 35. Bd3 Qf6 36. Kh2 c5 37. Bxg6 Qd6+ 38. Kh1 cxd4 
39. cxd4 Qxg6 40. Qxg6 hxg6 41. Nxh4 Kg7 42. Re7+ Kf6 43. Rb7 Ne6 44. Rb6 
Re8 45. Rd6 Kg5 46. Ng2 Nf4 47. h4+ Kg4 48. Nxf4 Kxf4 49. Rxd5 Re1+ 50. 
Kg2 Re2+ 51. Kh3 Rxb2 52. Rg5 Rb3+ 53. Kg2 Rxa3 54. Rxb5 Rg3+ 55. Kh2 Rb3 
56. Rg5 Rb6 57. Ra5 Rb2+ 58. Kg1 Kg3 59. Kf1 Kf3 60. Ke1 Rb4 61. h5 gxh5 
62. Rxh5 Rxd4 63. Rh8 a3 1/2-1/2

[Event "Premier Quad, S50099"]
[Site "CCLA"]
[Date "2015.03.09"]
[Round "?"]
[White "Hayward, Clark W."]
[Black "Catania, Duane"]
[Result "1-0"]
[WhiteElo "1909"]
[BlackElo "1684"]

1. Nf3 d5 2. g3 Bf5 3. Bg2 e6 4. O-O Nf6 5. d3 Be7 6. c4 c6 7. Be3 O-O 8. 
Qb3 Qc8 9. Nc3 Nbd7 10. Rac1 Nc5 11. Qa3 Nxd3 12. Qxe7 Nxc1 13. Rxc1 dxc4 
14. Qc5 Nd5 15. Bd2 Rd8 16. Qxc4 Nb6 17. Qh4 Rd7 18. e4 Bg6 19. b3 Rd3 20.
 Be3 Qe8 21. Ne5 Rdd8 22. Nxg6 hxg6 23. Qg4 Nd7 24. Qe2 Nf6 25. e5 Nd5 26.
 Nxd5 cxd5 27. Rd1 Rdc8 28. Bf1 Rc7 29. Qb2 a6 30. Bd3 Rac8 31. Kg2 Qe7 
32. a3 Kh8 33. Bd4 Kg8 34. b4 Kh8 35. h4 Kg8 36. Rh1 Qe8 37. Bc5 Qc6 38. 
Qb1 Qa4 39. h5 g5 40. h6 g6 41. Qc1 Kh7 42. Qxg5 Rg8 43. Qe3 Qe8 44. Rh5 
Qc6 45. Qf3 a5 46. Rh4 axb4 47. Bxb4 b5 48. Rh1 Qd7 49. Qf4 Rb7 50. Rc1 
Qe8 51. g4 Qd7 52. g5 Qe8 53. Rc5 Qd7 54. Bxb5 Qd8 55. Rc1 Rxb5 56. Qxf7+ 
Kh8 57. Be7 1-0

[Event "Premier Quad, S50269"]
[Site "CCLA"]
[Date "2015.06.15"]
[Round "?"]
[White "Strelecky, Rich"]
[Black "Catania, Duane"]
[Result "0-1"]
[WhiteElo "1667"]
[BlackElo "1684"]

1. g3 d5 2. Nf3 Nf6 3. Bg2 Bf5 4. d3 e6 5. O-O Nbd7 6. a3 c5 7. Bf4 Be7 8.
 Nh4 Bg4 9. h3 Bh5 10. Bf3 Qb6 11. b3 Bxf3 12. Nxf3 Rc8 13. Nc3 O-O 14. 
Na4 Qd8 15. Re1 b5 16. Nc3 a6 17. a4 b4 18. Na2 a5 19. c4 Nb6 20. cxd5 
Nbxd5 21. Be5 Nd7 22. Bb2 f6 23. e4 N5b6 24. Qd2 Qe8 25. e5 f5 26. Nc1 Qh5
27. Kg2 g5 28. Nh2 Nd5 29. Qd1 Qg6 30. Kh1 Rf7 31. Ne2 h5 32. Qd2 Rcf8 33.
 d4 g4 34. h4 f4 35. Rf1 fxg3 36. Nxg3 Bxh4 37. Rae1 Nf4 38. dxc5 Nxc5 39.
 Re3 Nh3 40. Rc1 Rxf2 41. Qd4 Bxg3 42. Rxg3 Qe4+ 43. Qxe4 Nxe4 44. Rxh3 
gxh3 45. Rg1+ Rg2 46. Rxg2+ hxg2+ 47. Kg1 Nd2 48. Kxg2 Nxb3 49. Nf3 Rxf3 
50. Kxf3 Nc5 0-1

[Event "2015 NA Class D Ch - Rd 1 Sect 1, S50111"]
[Site "CCLA"]
[Date "2015.04.27"]
[Round "?"]
[White "Willis, John W."]
[Black "Selby, Robin"]
[Result "1-0"]
[WhiteElo "1339"]
[BlackElo "1190"]

1. Nf3 d5 2. g3 Nf6 3. Bg2 c5 4. O-O g6 5. c4 e6 6. cxd5 Bg7 7. Ng5 O-O 8.
 dxe6 a6 9. exf7+ Kh8 10. d3 h6 11. Nf3 Rxf7 12. e4 Re7 13. Re1 Bg4 14. 
Nc3 Nc6 15. Be3 Qd7 16. Qd2 Rae8 17. Bxh6 Kh7 18. Bxg7 Rxg7 19. Ng5+ Kg8 
20. h3 Be6 21. Ne2 Rge7 22. Nf4 Bf7 23. Nxf7 Kxf7 24. Rac1 Kg7 25. Rxc5 
Qd6 26. Rc2 Rc7 27. Nd5 Rcc8 28. d4 Rh8 29. e5 Qe6 30. exf6+ Kf7 31. Rxe6 
Kxe6 32. Qe1+ Kf7 33. h4 Rcd8 34. g4 Rhe8 35. Re2 Rxe2 36. Qxe2 Re8 37. 
Qd2 Rh8 38. h5 gxh5 39. g5 Kg6 40. Be4+ Kf7 41. g6+ Ke6 42. g7 Rg8 43. Qf4
Nxd4 44. Kf1 Nc6 45. f7 Rd8 46. g8=Q Rxg8 47. fxg8=Q+ 1-0

[Event "Winter Series, S50011"]
[Site "CCLA"]
[Date "2015.01.28"]
[Round "?"]
[White "Jones, Jan"]
[Black "Owens, Johnny"]
[Result "0-1"]
[WhiteElo "2228"]
[BlackElo "2159"]

1. Nf3 d5 2. g3 Nf6 3. Bg2 c5 4. O-O e6 5. d3 Be7 6. Nbd2 Qc7 7. e4 O-O 8.
 e5 Nfd7 9. Re1 Nc6 10. Qe2 b5 11. Nf1 Bb7 12. c3 a5 13. Bf4 a4 14. Ne3 
Qb6 15. Bh3 Rad8 16. Nc2 h6 17. Bg2 b4 18. cxb4 cxb4 19. Be3 Qa6 20. Rad1 
d4 21. Bxd4 b3 22. axb3 axb3 23. Ra1 Nxd4 24. Nfxd4 Qb6 25. Bxb7 bxc2 26. 
Nc6 Bg5 27. Nxd8 Rxd8 28. Qxc2 Qxb7 29. d4 Nb6 30. Qe4 Nd5 31. Re2 Be7 32.
 Rc2 h5 33. h4 Qb6 34. Rd1 g6 35. Ra1 Kg7 36. Kg2 Rb8 37. Kg1 Bd8 38. Rd2 
Rc8 39. Qd3 Qb7 40. Kh2 Rc6 41. Kg1 Rb6 42. Qc2 Ne7 43. Qc5 Rc6 44. Qa3 
Nf5 45. Kh2 Rc8 46. Qa6 Qb4 47. Rad1 Rc4 48. Qa3 Qb7 49. d5 Bb6 50. Qf3 
Rb4 51. Qc3 Rg4 52. b4 exd5 53. Rxd5 Bxf2 54. e6+ Kh7 55. exf7 Qe7 56. 
f8=N+ Kg8 57. Nxg6 Bxg3+ 0-1

[Event "Pemier Quad, S50139"]
[Site "CCLA"]
[Date "2015.04.03"]
[Round "?"]
[White "Stroup, Jim"]
[Black "Vecchio, Ralph"]
[Result "1-0"]
[WhiteElo "2058"]
[BlackElo "1849"]

1. e4 e6 2. d3 d5 3. Nd2 Nf6 4. Ngf3 Be7 5. g3 c5 6. Bg2 Nc6 7. O-O b5 8. 
exd5 exd5 9. d4 c4 10. a4 Rb8 11. Ne5 Nxd4 12. c3 Ne6 13. Nc6 Qb6 14. Nxb8
O-O 15. axb5 Qxb8 16. b3 Bc5 17. bxc4 dxc4 18. Qa4 Bd7 19. Rb1 Rc8 20. 
Nxc4 Ng4 21. Bf3 Ne5 22. Nxe5 Qxe5 23. Qd1 Rd8 24. Qe1 Ng5 25. Bg2 Qf5 26.
 Be3 Nf3+ 27. Bxf3 Qxf3 28. Qd1 Qf5 29. Bxc5 Qxc5 30. Qd2 g6 31. Rb4 Kg7 
32. Rd1 Qf5 33. Qd4+ Qf6 34. Qxf6+ 1-0

[Event "Premier Quad, S50399"]
[Site "CCLA"]
[Date "2015.10.03"]
[Round "?"]
[White "Quirk, Michael"]
[Black "Ramsden, Jim E."]
[Result "1-0"]
[WhiteElo "2132"]
[BlackElo "1789"]

1. Nf3 d5 2. c4 d4 3. b4 f6 4. e3 e5 5. c5 a5 6. Bb5+ c6 7. Bc4 axb4 8. 
Nxe5 fxe5 9. Qh5+ g6 10. Qxe5+ Qe7 11. Qxh8 Nf6 12. Bb2 Be6 13. Bxe6 Qxe6 
14. Bxd4 Nbd7 15. a3 b3 16. Nc3 b2 17. Rb1 O-O-O 18. Rxb2 Bh6 19. Qxd8+ 
Kxd8 20. O-O b6 21. cxb6 c5 22. Bxf6+ Qxf6 23. b7 Nb8 24. a4 Bg7 25. a5 
Qh4 26. Ra1 1-0

[Event "2015 NA Class B Ch Finals, S50189"]
[Site "CCLA"]
[Date "2015.04.27"]
[Round "?"]
[White "Disque, Philip"]
[Black "Jarmuz, Frederick"]
[Result "0-1"]
[WhiteElo "1603"]
[BlackElo "1945"]

1. Nf3 d5 2. c4 d4 3. g3 Nc6 4. Bg2 e5 5. d3 Bb4+ 6. Nbd2 a5 7. O-O Nf6 8.
 a3 Be7 9. Re1 O-O 10. Ne4 Nxe4 11. dxe4 a4 12. Qd3 f6 13. Rd1 Na5 14. Nd2
Be6 15. Qc2 Qd7 16. b4 axb3 17. Nxb3 Nxc4 18. f4 Bxa3 19. f5 Bf7 20. Qd3 
Bb4 21. Rxa8 Rxa8 22. e3 Qa4 23. exd4 exd4 24. Nxd4 Bc5 25. Kh1 Ne5 0-1

[Event "Premier Quad, S50029"]
[Site "CCLA"]
[Date "2015.02.02"]
[Round "?"]
[White "Shannon, Paul D."]
[Black "Jones, Jan"]
[Result "0-1"]
[WhiteElo "1815"]
[BlackElo "2228"]

1. Nf3 d5 2. c4 d4 3. g3 Nc6 4. d3 e5 5. Bg2 Nf6 6. O-O a5 7. Bg5 Be7 8. 
Nbd2 O-O 9. h3 a4 10. Kh2 h6 11. Bxf6 Bxf6 12. a3 Be7 13. Ne1 Qd6 14. Rc1 
Ra5 15. e4 Qe6 16. f4 Qd6 17. f5 Bd7 18. Ndf3 Bf6 19. Rf2 Qe7 20. Bf1 Qc5 
21. Qd2 Be7 22. g4 Qd6 23. h4 Rc5 24. Nc2 b5 25. Nb4 Na5 26. Qd1 Nb3 27. 
Rcc2 bxc4 28. dxc4 Ra5 29. Rg2 Nc5 30. Bd3 c6 31. g5 Bxf5 32. exf5 e4+ 33.
 Kh1 Nxd3 34. Nxd3 Rxf5 35. c5 Qd7 36. Nfe5 Qd5 37. Nxc6 Qxc6 38. Nb4 Qe6 
39. Qxd4 Rd8 40. Qg1 Bxc5 41. Qc1 Rf1+ 0-1

[Event "Premier Quad, S50079"]
[Site "CCLA"]
[Date "2015.03.04"]
[Round "?"]
[White "Vaughan, James"]
[Black "Beavan, Robert"]
[Result "1-0"]
[WhiteElo "2296"]
[BlackElo "1969"]

1. c4 b6 2. Nc3 Bb7 3. d4 e6 4. e4 Bb4 5. f3 Ne7 6. Bd3 Nbc6 7. Ne2 Bxc3+ 
8. bxc3 d6 9. f4 Qd7 10. O-O O-O-O 11. d5 Na5 12. Nd4 c5 13. Nb3 Qa4 14. 
Nxa5 Qxa5 15. Rb1 Kb8 16. f5 exf5 17. exf5 Bc8 18. Qe1 Rhe8 19. Qg3 g6 20.
 fxg6 fxg6 21. Bg5 Qxc3 22. Bf6 Qa3 23. Rbe1 Nf5 24. Bxf5 Qxg3 25. hxg3 
Bxf5 26. Bxd8 Rxd8 27. Re7 h5 28. Rf3 1-0

[Event "Winter Series, S50021"]
[Site "CCLA"]
[Date "2015.01.28"]
[Round "?"]
[White "Miktarian, Harry J."]
[Black "Anderson, Clarence"]
[Result "1-0"]
[WhiteElo "1817"]
[BlackElo "1717"]

1. c4 f5 2. Nf3 g6 3. d4 Nf6 4. b4 e6 5. Qb3 a5 6. b5 b6 7. g3 Bb4+ 8. 
Nbd2 Ne4 9. Bg2 Bb7 10. O-O Qf6 11. Nxe4 Bxe4 12. Bf4 Bd6 13. Bxd6 cxd6 
14. e3 d5 15. c5 bxc5 16. dxc5 O-O 17. a4 Rc8 18. Rac1 Ra7 19. Nd4 Rac7 
20. f3 Bxf3 21. Bxf3 Rxc5 22. Rxc5 Rxc5 23. h4 Qe5 24. Kf2 Qc7 25. Kg2 Rc3
26. Qb1 Rxe3 27. Rc1 Qb7 28. Qa2 Kf7 29. Qd2 Ra3 30. h5 e5 31. Qh6 Kg8 32.
 hxg6 Ra2+ 33. Kh3 d6 34. Rc8+ 1-0

[Event "Winter Series, S50011"]
[Site "CCLA"]
[Date "2015.01.28"]
[Round "?"]
[White "Quirk, Michael"]
[Black "Owens, Johnny"]
[Result "1/2-1/2"]
[WhiteElo "2159"]
[BlackElo "2159"]

1. c4 e6 2. g3 f5 3. Bg2 Nf6 4. Nf3 d5 5. O-O dxc4 6. Qa4+ Bd7 7. Qxc4 Nc6
8. d4 Bd6 9. Nc3 Qe7 10. a3 O-O 11. b4 a6 12. Bf4 Rae8 13. Ne5 Bxe5 14. 
dxe5 Ng4 15. Bxc6 Bxc6 16. f3 g5 17. fxg4 gxf4 18. Rxf4 Qg7 19. gxf5 Qxe5 
20. e4 Bb5 21. Qc5 exf5 22. Qxe5 Rxe5 23. Nxb5 axb5 24. Raf1 Rxe4 25. Rxe4
fxe4 26. Rxf8+ Kxf8 1/2-1/2

[Event "Premier Quad, S50399"]
[Site "CCLA"]
[Date "2015.10.03"]
[Round "?"]
[White "Quirk, Michael"]
[Black "Shannon, Paul D."]
[Result "1-0"]
[WhiteElo "2132"]
[BlackElo "1865"]

1. Nf3 f5 2. c4 Nf6 3. g3 e6 4. Bg2 d5 5. O-O c6 6. d3 Be7 7. Nc3 O-O 8. 
e4 d4 9. Ne2 c5 10. exf5 exf5 11. b4 Na6 12. bxc5 Bxc5 13. Bb2 Rb8 14. 
Nexd4 f4 15. Nb5 fxg3 16. hxg3 Bd7 17. Be5 Ra8 18. d4 Be7 19. Ng5 Qb6 20. 
Qb3 Kh8 21. Qb1 g6 22. a4 Bc6 23. a5 Qd8 24. Ne6 1-0

[Event "Winter Series, S50011"]
[Site "CCLA"]
[Date "2015.01.28"]
[Round "?"]
[White "Jones, Jan"]
[Black "Deskin, Gary"]
[Result "0-1"]
[WhiteElo "2228"]
[BlackElo "2172"]

1. Nf3 d5 2. g3 Nf6 3. Bg2 c6 4. c4 Bg4 5. Ne5 Be6 6. cxd5 Bxd5 7. Nf3 g6 
8. Nc3 Bg7 9. O-O O-O 10. d3 Bxf3 11. Bxf3 Nbd7 12. Bd2 Ne8 13. Ne4 Nd6 
14. Nxd6 exd6 15. Bf4 Nc5 16. Rb1 a5 17. h4 Re8 18. Be3 Ne6 19. d4 d5 20. 
Qd3 h5 21. Rfd1 a4 22. Kg2 Rf8 23. Qc2 f5 24. a3 Qd6 25. b4 f4 26. gxf4 
Nxf4+ 27. Kf1 b5 28. Ke1 Rae8 29. Kd2 Bh6 30. Kc3 Re6 31. Rd2 Kh7 32. Rh1 
Rfe8 33. Kb2 Rxe3 34. fxe3 Rxe3 35. Ka2 Qe6 36. Rb1 Bg7 37. Rb2 Qe8 38. 
Qd1 Bf6 39. Rbc2 Bxh4 40. Qc1 Bg5 41. Qa1 Bh6 42. Qc1 Re6 43. Qb1 Kg7 44. 
Qb2 Nh3 45. e3 Bxe3 46. Rh2 Nf4 47. Qa1 Qf7 48. Rh1 Qf6 49. Rf1 Bxd4 50. 
Qb1 Re3 51. Qd1 Qe5 52. Qd2 Rd3 53. Qc1 Rb3 54. Qd2 Bc3 0-1

[Event "Premier Quad, S50399"]
[Site "CCLA"]
[Date "2015.10.03"]
[Round "?"]
[White "Quirk, Michael"]
[Black "Beavan, Robert"]
[Result "1/2-1/2"]
[WhiteElo "2132"]
[BlackElo "1971"]

1. Nf3 Nf6 2. g3 d5 3. Bg2 c6 4. O-O Bg4 5. c4 e6 6. cxd5 exd5 7. d3 Nbd7 
8. Nc3 Be7 9. h3 Bxf3 10. Bxf3 d4 11. Ne4 O-O 12. Nxf6+ Bxf6 13. b4 Ne5 
14. Bg2 Nd7 15. Rb1 Rb8 16. b5 c5 17. e3 b6 18. e4 Rc8 19. f4 c4 20. dxc4 
Rxc4 21. e5 Be7 22. Kh2 Nc5 23. Bd2 f6 24. Rb4 Rxb4 25. Bxb4 Qd7 26. Bc6 
Qe6 27. Qxd4 Rd8 28. Qa1 a5 29. Bc3 fxe5 30. fxe5 Qc4 31. Rf4 Qe2+ 32. Bg2
Ne6 33. Rf1 Bc5 34. Qb1 Nd4 35. Bxd4 Rxd4 36. Re1 Qd3 37. Qxd3 Rxd3 38. 
Re2 g6 39. Be4 Re3 40. Rxe3 Bxe3 41. Bd5+ Kf8 42. a4 Bd4 43. e6 Ke7 44. 
Kg2 Bf6 45. h4 Kd6 46. Bb3 h6 47. Kf3 Ke5 48. Kg4 Be7 49. Bc2 Kf6 50. Bd3 
g5 51. Bc4 1/2-1/2

[Event "2015 Server Team Ch - Div 1, S51999"]
[Site "CCLA"]
[Date "2015.10.30"]
[Round "?"]
[White "Reinhart, Kenneth M."]
[Black "Vivante-Sowter, John"]
[Result "1/2-1/2"]
[WhiteElo "2466"]
[BlackElo "2301"]
[Board "1"]
[WhiteTeam "Gustafson Winners"]
[BlackTeam "SchemingMind A"]

1. Nf3 d5 2. g3 Nf6 3. Bg2 c6 4. c4 dxc4 5. O-O Nbd7 6. Na3 Nb6 7. Qc2 g6 
8. Nxc4 Nxc4 9. Qxc4 Bg7 10. d3 O-O 11. e4 Ne8 12. d4 Nd6 13. Qd3 Be6 14. 
Rd1 f5 15. e5 Nb5 16. Bg5 Qd7 17. Rac1 Rad8 18. Be3 h6 19. Ne1 Bd5 20. h4 
Kh7 21. b3 Bxg2 22. Kxg2 Nc7 23. Qe2 Nd5 24. Nd3 e6 25. b4 Rf7 26. a4 Bf8 
27. Bd2 a6 28. Rb1 Nc7 29. Nf4 Nd5 30. b5 Nxf4+ 31. Bxf4 Qd5+ 32. Kg1 cxb5
33. axb5 a5 34. b6 Bb4 35. Rbc1 Bf8 36. Qc4 Rg7 37. Qxd5 Rxd5 38. Rc7 a4 
39. Be3 a3 40. Kg2 Rgd7 41. Rdc1 g5 42. h5 f4 43. gxf4 gxf4 44. Bxf4 Rg7+ 
45. Kf3 Rxd4 46. Be3 Rh4 47. Rg1 Ra4 48. Ke2 Kg8 49. Ra1 Rf7 50. Rc8 Ra5 
51. Bxh6 Rxe5+ 52. Kd3 Ref5 53. Rxa3 Rxh5 54. Bxf8 Rxf8 55. Raa8 Rxc8 56. 
Rxc8+ Kf7 57. Rc7+ Ke8 58. Rxb7 Kd8 59. Rf7 Kc8 60. Rc7+ Kb8 61. Ke4 Rb5 
62. Re7 Rb2 63. f4 1/2-1/2

[Event "2015 Server Team Champ - Div 4, S54999"]
[Site "CCLA"]
[Date "2015.10.28"]
[Round "?"]
[White "Zarges, Ron V."]
[Black "Cangelosi, Dominic"]
[Result "1-0"]
[WhiteElo "1663"]
[BlackElo "1419"]
[Board "2"]
[WhiteTeam "Norsemen"]
[BlackTeam "Pennsylvania Pawn Pushers"]

1. c4 c6 2. Nf3 Nf6 3. Nc3 d5 4. e3 Bg4 5. cxd5 Nxd5 6. d4 e6 7. Be2 Bb4 
8. Bd2 Nd7 9. a3 Ba5 10. O-O O-O 11. e4 N5f6 12. Ng5 Bxe2 13. Qxe2 Qb8 14.
 e5 Ne8 15. Qh5 h6 16. Nge4 Bb6 17. Ne2 f6 18. Bf4 Bc7 19. Bxh6 gxh6 20. 
Qg6+ Ng7 21. Nxf6+ Nxf6 22. exf6 Bxh2+ 23. Kh1 Qc7 24. Qxg7+ Qxg7 25. fxg7
Rf5 26. Kxh2 Kxg7 27. f3 Rh5+ 28. Kg1 Rf8 29. Kf2 Rhf5 30. Rh1 R8f6 31. 
Ng3 Rb5 32. Nh5+ 1-0

[Event "2015 NA Class D Ch - Rd 1 Sect 1, S50111"]
[Site "CCLA"]
[Date "2015.04.27"]
[Round "?"]
[White "Willis, John W."]
[Black "Ritzmann, Andrew M."]
[Result "1/2-1/2"]
[WhiteElo "1339"]
[BlackElo "1346"]

1. Nf3 d5 2. g3 Nf6 3. Bg2 c6 4. O-O Bg4 5. c4 e6 6. cxd5 Bxf3 7. Bxf3 
cxd5 8. d4 Nc6 9. e3 Be7 10. Nc3 O-O 11. Bd2 Bb4 12. a3 Bd6 13. b4 Bc7 14.
 Bc1 Qd6 15. Nb5 Qd7 16. Nxc7 Qxc7 17. Bb2 Ne4 18. Re1 b5 19. Qc2 f5 20. 
Rac1 Rac8 21. Be2 a6 22. a4 Qb6 23. a5 Qd8 24. Qb3 g6 25. Red1 h5 26. f3 
Nd6 27. e4 Ne7 28. e5 Nc4 29. Bxc4 bxc4 30. Qa3 Nc6 31. f4 h4 32. gxh4 
Qxh4 33. Qg3 Qxg3+ 34. hxg3 Nxb4 35. Ba3 Na2 36. Rc2 Rf7 37. Rxa2 Rb8 38. 
Rb2 Rxb2 39. Bxb2 Rc7 40. Rc1 Kf8 41. Kf1 Ke7 42. Ke1 Kd7 43. Kd2 Kc6 44. 
Rh1 Kb5 45. Bc3 1/2-1/2

[Event "2015 Server Team Ch - Div 2"]
[Site "CCLA"]
[Date "2015.10.30"]
[Round "?"]
[White "Belanoff, Stuart"]
[Black "Deskin, Gary"]
[Result "1/2-1/2"]
[WhiteElo "2201"]
[BlackElo "2128"]
[Board "1"]
[WhiteTeam "Queen & Knights"]
[BlackTeam "Big Red Fuzzy"]

1. Nf3 d5 2. c4 c6 3. e3 Bg4 4. Qb3 Qc7 5. Ne5 Be6 6. d4 Nf6 7. Nc3 dxc4 
8. Bxc4 Bxc4 9. Nxc4 e6 10. a4 Nbd7 11. e4 Be7 12. O-O O-O 13. g3 Nb6 14. 
Bf4 Qd8 15. Ne5 a5 16. Rfd1 Bb4 17. Kg2 Qe7 18. Nd3 Nfd7 19. Ne2 Rfe8 20. 
Bd2 Bxd2 21. Rxd2 h6 22. f3 Red8 23. Rdd1 Qd6 24. Qc3 Qe7 25. Nef4 Rdc8 
26. Qb3 Rd8 27. Rac1 Rac8 28. Rc2 Rb8 29. Ra1 Ra8 30. Ne2 Kh7 31. h4 Kg8 
32. Qc3 Nf8 33. Nc5 Qc7 34. Nf4 Nc8 35. Ncd3 Ne7 36. b3 Neg6 37. Ne2 Nd7 
38. Nb2 Nf6 39. Rh1 Nh5 40. Nd3 Rf8 41. Nc5 Rae8 42. b4 f5 43. e5 b6 44. 
Nd3 f4 45. g4 Ng3 46. Nxg3 1/2-1/2

[Event "2015 NA Class B Ch Finals, S50189"]
[Site "CCLA"]
[Date "2015.04.27"]
[Round "?"]
[White "Capuzzi, Gabriele"]
[Black "Catania, Duane"]
[Result "0-1"]
[WhiteElo "1617"]
[BlackElo "1684"]

1. Nf3 d5 2. c4 e6 3. g3 Nf6 4. d3 Be7 5. Bg2 O-O 6. O-O c5 7. b3 Nc6 8. 
Bb2 b6 9. e3 Bb7 10. Nbd2 Qc7 11. a3 Rfd8 12. Qc2 a6 13. Rad1 Rac8 14. 
Rfe1 b5 15. Rc1 dxc4 16. bxc4 b4 17. Nb3 bxa3 18. Bxa3 Nb4 19. Bxb4 cxb4 
20. Ra1 Nd7 21. Rec1 Ra8 22. Na5 Nc5 23. d4 Be4 24. Qe2 Nb7 25. Qa2 Nxa5 
26. Qxa5 Qxa5 27. Rxa5 b3 28. Nd2 Bxg2 29. Kxg2 Bb4 30. Nxb3 Bxa5 31. Nxa5
Kf8 32. Kf3 Rdb8 33. Rc2 Rb1 34. c5 Rb5 35. Ra2 e5 36. Ke4 exd4 37. exd4 
Ke8 38. c6 Kd8 39. d5 Kc7 40. Nb7 Re8+ 41. Kd4 Re1 42. Rd2 a5 43. Nc5 Rb4+
44. Kd3 Kd6 45. c7 Re8 46. Re2 Rc8 47. Ne4+ Kxc7 48. Rc2+ Kd8 49. Ra2 a4 
50. Nc3 Rb3 51. Rc2 a3 52. Kd2 Rb2 0-1

[Event "Winter Series, S50031"]
[Site "CCLA"]
[Date "2015.01.28"]
[Round "?"]
[White "Zarges, Ron V."]
[Black "Blankenship, Jerry T."]
[Result "1-0"]
[WhiteElo "1660"]
[BlackElo "1564"]

1. c4 Nf6 2. Nf3 e6 3. g3 d5 4. Bg2 d4 5. O-O c5 6. e3 Nc6 7. exd4 cxd4 8.
 d3 Bd6 9. Na3 O-O 10. Nc2 e5 11. Re1 a5 12. b3 Bf5 13. Nh4 Be6 14. Na3 
Bb4 15. Re2 g5 16. Nf3 Bg4 17. Nb5 h6 18. h3 Bh5 19. g4 Bg6 20. Nxe5 Nxe5 
21. Rxe5 Nd7 22. Rd5 Re8 23. Bd2 Bc5 24. Nxd4 Qc7 25. Nb5 1-0

[Event "Winter Series, S50021"]
[Site "CCLA"]
[Date "2015.01.28"]
[Round "?"]
[White "Shannon, Paul D."]
[Black "Havrilla, Mark"]
[Result "1/2-1/2"]
[WhiteElo "1815"]
[BlackElo "1857"]

1. Nf3 Nf6 2. c4 g6 3. b4 Bg7 4. Bb2 O-O 5. g3 d6 6. Bg2 e5 7. O-O Re8 8. 
d3 Nbd7 9. e4 c6 10. Nc3 d5 11. exd5 cxd5 12. Re1 dxc4 13. dxc4 e4 14. Ng5
e3 15. fxe3 Qe7 16. Qb3 Ne5 17. Nge4 Nxe4 18. Nxe4 Bg4 19. Bxe5 Bxe5 20. 
Rac1 Rad8 21. Nf2 Bf5 22. Red1 Bg7 23. c5 h5 24. b5 Rxd1+ 25. Nxd1 Be4 26.
 Nf2 Bxg2 27. Kxg2 h4 28. c6 hxg3 29. hxg3 Qc7 30. e4 Bd4 31. Qc4 Bxf2 32.
 Kxf2 bxc6 33. bxc6 Re6 34. Qd5 Qb6+ 35. Qc5 Rxc6 36. Qxb6 1/2-1/2

[Event "Premier Quad, S50029"]
[Site "CCLA"]
[Date "2015.02.02"]
[Round "?"]
[White "Shannon, Paul D."]
[Black "Stevens, Daniel L."]
[Result "0-1"]
[WhiteElo "1815"]
[BlackElo "1775"]

1. Nf3 Nf6 2. c4 g6 3. b4 Bg7 4. Bb2 O-O 5. g3 c6 6. Bg2 d5 7. Na3 Nbd7 8.
 O-O Re8 9. Qb3 a5 10. d4 axb4 11. Qxb4 e6 12. Nc2 b5 13. cxb5 cxb5 14. 
Rfb1 Ne4 15. Qe1 Qa5 16. Nb4 f6 17. Bc3 Nxc3 18. Qxc3 Bb7 19. a3 Rec8 20. 
Qb3 Rc4 21. e3 Rac8 22. Bf1 Nb6 23. Nd3 Bc6 24. Nc5 Bf8 25. Bxc4 dxc4 26. 
Qd1 Qa8 27. Ne1 Bxc5 28. dxc5 Na4 29. Qd6 Kf7 30. g4 e5 31. g5 fxg5 32. 
Qxe5 h6 33. Rd1 Re8 34. Qd4 Re4 35. Qd6 Rg4+ 36. Kf1 Bg2+ 37. Nxg2 Qxg2+ 
38. Ke1 Qg1+ 39. Ke2 Nc3+ 40. Kd2 Ne4+ 41. Kc2 Qxf2+ 42. Rd2 Qxd2+ 43. 
Qxd2 Nxd2 44. Kxd2 Rg2+ 45. Kc3 Re2 46. c6 Ke7 47. Rd1 Rxe3+ 48. Kb4 Rd3 
49. Rf1 c3 50. Rc1 Kd6 51. Kxb5 Kc7 52. a4 Rd5+ 53. Kb4 Rd6 54. Rxc3 Rxc6 
55. Rxc6+ Kxc6 56. Kc4 h5 57. Kd4 g4 58. Ke5 Kb6 0-1

[Event "2015  Server Team - Div 3, S53999"]
[Site "CCLA"]
[Date "2015.10.30"]
[Round "?"]
[White "Stevenson, Wayne"]
[Black "Shannon, Paul D."]
[Result "0-1"]
[WhiteElo "1702"]
[BlackElo "1865"]
[Board "4"]
[WhiteTeam "Idaho Mountaineers"]
[BlackTeam "Canadian Snowbirds"]

1. c4 Nf6 2. g3 g6 3. Bg2 Bg7 4. Nc3 O-O 5. d3 d6 6. e4 e5 7. Nf3 Nbd7 8. 
Be3 c6 9. h3 h6 10. Rb1 Kh7 11. b4 Re8 12. b5 c5 13. a4 Nf8 14. Qb3 Ne6 
15. O-O Nd4 16. Qd1 Be6 17. Nd5 Bxd5 18. cxd5 Qd7 19. Nd2 Ng8 20. Nc4 Ne7 
21. f4 f6 22. f5 g5 23. b6 a6 24. a5 Rad8 25. Qh5 Rf8 26. Rfc1 Qe8 27. 
Qxe8 Rfxe8 28. Bxd4 exd4 29. Rf1 Bf8 30. g4 Nc8 31. Bf3 Be7 32. Kh2 Kg7 
33. Bd1 Rh8 34. Ba4 h5 35. Kg3 hxg4 36. hxg4 Rh4 37. Rh1 Rxh1 38. Rxh1 Bf8
39. Bc6 bxc6 40. dxc6 d5 41. c7 Re8 42. exd5 Bd6+ 43. Kf3 Bf4 44. Re1 Rh8 
45. Re6 Rh3+ 46. Ke4 Nd6+ 0-1

[Event "2015 Server Team Ch - Div 1, S51999"]
[Site "CCLA"]
[Date "2015.10.30"]
[Round "?"]
[White "Reinhart, Kenneth M."]
[Black "Gleyzer, Leonid"]
[Result "1/2-1/2"]
[WhiteElo "2466"]
[BlackElo "2322"]
[Board "1"]
[WhiteTeam "Gustafson Winners"]
[BlackTeam "Paul Morphy's Hair"]

1. Nf3 Nf6 2. c4 g6 3. Nc3 d5 4. cxd5 Nxd5 5. h4 c5 6. h5 Nxc3 7. dxc3 
Qxd1+ 8. Kxd1 Bg7 9. e4 Nc6 10. Kc2 Bg4 11. h6 Bf8 12. Bc4 f6 13. Be3 b6 
14. a3 Bd7 15. b4 e6 16. Rhd1 Rc8 17. Kb2 Be7 18. Rd2 Rc7 19. Rad1 Bc8 20.
 Kb3 Rf8 21. Bf4 e5 22. Be3 Bg4 23. Ra1 Bd7 24. Bd5 Nd8 25. Rdd1 Nb7 26. 
Nd2 Bc6 27. Bxc6+ Rxc6 28. Nc4 b5 29. Na5 Nxa5+ 30. bxa5 a6 31. a4 b4 32. 
cxb4 cxb4 33. Rac1 Rxc1 34. Bxc1 Rf7 35. Be3 Bf8 36. Rc1 Kd7 37. f3 f5 38.
 Bb6 fxe4 39. fxe4 Bd6 40. Bc5 Bc7 41. Kc4 Ke6 42. Bxb4 Bd8 43. Kb3 
1/2-1/2